LEADER 00924nam--2200349---450- 001 990001627860203316 005 20050315112557.0 035 $a000162786 035 $aUSA01000162786 035 $a(ALEPH)000162786USA01 035 $a000162786 100 $a20040503d1979----km-y0itay0103----ba 101 $afre 102 $aGR 105 $aa|||||||001yy 200 1 $aGrèce$eun portrait 210 $aAthènes$cResearch and publicity center Kede$d1979 215 $a197 p., [16] c. di tav.$cill.$d23 cm 410 0$12001 454 1$12001 461 1$1001-------$12001 606 0 $aGrecia$xGuide 676 $a949.5 801 0$aIT$bsalbc$gISBD 912 $a990001627860203316 951 $aIII.1. 2552(I B 226)$b90619 L.M.$cI B 959 $aBK 969 $aUMA 979 $aSIAV4$b10$c20040503$lUSA01$h1409 979 $aCOPAT3$b90$c20050315$lUSA01$h1125 996 $aGrèce$9223563 997 $aUNISA